Nato all'aurora. (Record n. 360720)
[ formato base ]
| 000 -LEADER | |
|---|---|
| campo di controllo lung. fissa | 01823nam a22002297a 4500 |
| 003 - Identificatore del numero di controllo | |
| campo di controllo | IT-MiCISF |
| 005 - Data e orario dell'ultima transazione | |
| campo di controllo | 20260205145328.0 |
| 008 - Elementi di lunghezza fissa--Informazione generale | |
| campo di controllo lung. fissa | 260205b |||||||| |||| 00| 0 eng d |
| 020 ## - ISBN (International Standard Book Number) | |
| ISBN (International Standard Book Number) | 9791221458817 |
| 040 ## - Fonte della catalogazione | |
| Agenzia che fa la trascrizione | IT-MiCISF |
| 041 ## - Codice di lingua | |
| Codice di lingua del testo/traccia sonora o titolo separato | it |
| 100 ## - Accesso principale -- nome di persona | |
| Nome di persona | Berti Mariano |
| 9 (RLIN) | 63352 |
| 245 ## - Formulazione del titolo | |
| Titolo | Nato all'aurora. |
| Complemento del titolo | L'arco esistenziale delle famiglie rurali del passato |
| 250 ## - Formulazione di edizione | |
| Formulazione di edizione | Famiglie d'altri tempi, vol. 5 |
| 260 ## - Pubblicazione, distribuzione, ecc. (stampa) | |
| Luogo di pubblicazione, distribuzione, ecc. | Lecce, |
| Nome dell'editore, distributore, ecc. | Youcanprint, |
| Data di pubblicazione, distribuzione, ecc. | 2023 |
| 300 ## - Descrizione fisica | |
| Estensione | pp. 313 |
| 500 ## - Nota generale | |
| Nota generale | famiglia, storia, famiglia-rurale, |
| 520 ## - Riassunto, ecc. | |
| Nota di riassunto, ecc. | Senza memoria rischiamo di smarrirci. Lo si comprende da questo volume di testimonianze raccolte da voci ormai scomparse. La vita delle famiglie rurali degli ultimi secoli, dalla nascita alla morte, vista e documentata dai parroci. Una ricerca singolare, un saggio sulla civiltà contadina che si legge come un romanzo. È un peregrinare nel tempo tra storia, fede, racconti e leggende che può costituire una guida per ricostruire la genealogia e la saga della propria famiglia. Il passato è come una stella che continua ad emanare luce anche se estinta. Oggi si corre tanto, ma forse senza sapere bene dove si è diretti. Per andare avanti è necessario talvolta fermarsi, riavvolgere il nastro e prendere spunto da chi per certe vie è già transitato. Non c'è fonte migliore di libri come questo per comprendere le radici della società in cui ci realizziamo. Da sempre gli storici si sono focalizzati sui grandi avvenimenti, sulle conquiste e crollo degli imperi, sulle ideologie dei ceti dominanti, dando importanza ai fatti in sé senza metterci il pathos, cioè senza percepirne con i sensi la consistenza umana. Questo volume, come i precedenti della stessa serie, fa un po' di giustizia. |
| 650 ## - Accesso aggiunto di soggetto--termine topico | |
| Termine topico o nome geografico come accesso | Famiglia |
| 654 ## - Accesso aggiunto di soggetto--termini topici faccettati | |
| Termine principale | divulgazione |
| 942 ## - Dati aggiuntivi (Koha) | |
| Fonte della classificazione o dello schema di collocazione (segnatura) | Dewey Decimal Classification |
| Tipo copia default (Koha) | LIBRO |
| Ritirato (status) | Perso (status) | Fonte della classificazione o dello schema di collocazione (segnatura) | Danneggiato (status) | Non per il presito | Biblioteca proprietaria | Biblioteca in cui si trova | Data d'acquisizione | Totale prestiti | Collocazione | Codice a barre | Data ultima operazione | Prezzo in vigore dal | Tipo copia default (Koha) |
|---|---|---|---|---|---|---|---|---|---|---|---|---|---|
| Dewey Decimal Classification | Buone Condizioni | Not For Loan | CISF - Milano | CISF - Milano | 05/02/2026 | B7913 | 9791221458817 | 05/02/2026 | 05/02/2026 | LIBRO |